Ariana Grande - Chansons par ordre alphabétique - Statistiques

Statistiques générales
  • Ce quiz a été pris 438 fois
    85 depuis la dernière actualisation
  • Le résultat moyen est 60 sur 117
Statistiques - réponses
Hint Réponse % Correct
Chiffre 34+35
96%
Chiffre 7 rings
94%
P Positions
83%
E Eternal Sunshine
79%
D Dangerous Woman
77%
N No Tears Left To Cry
77%
B Baby I
75%
G God is a woman
73%
I Into You
73%
T thank u, next
73%
B bloodline
71%
B Breathin
71%
I imagine
71%
L Love Me Harder
71%
Y Yes, And?
71%
B Bang Bang
69%
B Break Free
69%
B break up with your girlfriend, I'm bored
69%
E Everytime
69%
N NASA
69%
P Problem
69%
E Everyday
67%
H Honeymoon Avenue
67%
M My Everything
67%
O One Last Time
67%
P POV
67%
R R.E.M
67%
T Touch It
67%
M make up
65%
N needy
65%
S Side to Side
65%
B Bye
63%
A Almost is never Enough
60%
B bad idea
60%
G Goodnight N Go
60%
H Hampstead
60%
L Let Me Love You
60%
M My Hair
60%
P Popular Song
60%
W We Can't Be Friends (Wait for Your Love)
60%
B Bad Decisions
58%
B Blazed
58%
F fake smile
58%
P Pete davidson
58%
R Raindrops (An Angel Cried)
58%
S Safety Net
58%
S Successful
58%
S Sweetener
58%
B The Boy Is Mine
58%
B Be Alright
56%
B Better Off
56%
B Borderline
56%
F Focus
56%
G Get Well Soon
56%
G ghostin
56%
S Supernatural
56%
T Tattooed Heart
56%
W The Way
56%
D dandelion
54%
G Greedy
54%
J Jason's Song (Gave It Away)
54%
M Moonlight
54%
N Nasty
54%
O Obvious
54%
O Ordinary Things
54%
P past life
54%
T True Story
54%
B Be My Baby
52%
O Off the Table
52%
S Six Thirty
52%
T twilight zone
52%
W warm
52%
I in my head
50%
J Just like Magic
50%
M Motive
50%
C Cadillac Song
48%
L Leave Me Lonely
48%
L Love Language
48%
L The Light Is Coming
48%
W West Side
48%
B Best Mistake
46%
K Knew Better / Forever Boy
46%
D Don't Wanna Break Up Again
44%
R Right There
44%
S Shut Up
44%
S Sometimes
44%
I I Wish I Hated You
42%
O Only 1
42%
D Daydreamin
40%
Y You'll Never Know
40%
J Just a Little Bit of Your Heart
38%
B Better Left Unsaid
35%
I I Don't Care
35%
S Saturn Returns Interlude
35%
S Step on Up
35%
W Worst Behavior
35%
B Break Your Heart Right Back
33%
I Intro (End of the World)
33%
T Test Drive
33%
T Thinking Bout You
33%
W Why Try
33%
H Hands on Me
31%
L Lovin'it
31%
Y You Don't Know Me
31%
M Main Thing
29%
S Someone Like U
25%
D December
17%
T Too Close
17%
S Santa Baby
13%
L Last Christmas
10%
S Snow in California
10%
T True Love
10%
W Wit It This Christmas
8%
L Love Is Everything
6%
W Winter Things
6%
N Not Just On Christmas
4%
P Piano Harmony
0%
Aucun quiz correspondant
Distribution des résultats
% des personnes avec chaque résultat
Percentile par nombre de réponses
Votre historique - résultats
Vous n’avez pas pris ce quiz depuis la dernière actualisation